| 000 | 00331nam a2200121Ia 4500 | ||
|---|---|---|---|
| 008 | 220204s9999 xx 000 0 und d | ||
| 082 |
_a007 _bGAR |
||
| 100 | _aEugene | ||
| 245 | 0 | _aEssays of an information scientist. 3 V | |
| 260 |
_aPhiladelphia _bISI |
||
| 505 | _aset price. V 1..1962-73;V 2..1974-76;V 3..1977-78 | ||
| 942 | _cBK | ||
| 999 |
_c37132 _d37132 |
||